Statistics for Win the Presidential Election in 15 Seconds

Click here to take the quiz!

General Stats

  • This quiz has been taken 25,559 times
    (25,373 since last reset)
  • The average score is 178 of 538

Answers on the Map

Answers color-coded by a green-red scale on the quiz's map according to % correct below.
 

Answer Stats

#Answer% Correct
55California
90%
38Texas
86%
29New York
79%
29Florida
73%
18Ohio
44%
20Illinois
36%
20Pennsylvania
36%
16Michigan
29%
16Georgia
24%
12Washington
22%
13Virginia
15%
14New Jersey
14%
11Arizona
13%
15North Carolina
13%
3Alaska
11%
4Maine
11%
7Oregon
11%
11Indiana
10%
4Idaho
9%
6Iowa
9%
6Nevada
9%
10Wisconsin
9%
3Montana
8%
6Utah
8%
9Colorado
7%
10Minnesota
7%
4Hawaii
6%
9Alabama
5%
11Massachusetts
5%
10Maryland
3%
10Missouri
3%
5New Mexico
3%
11Tennessee
3%
6Arkansas
2%
3District of Columbia
2%
6Kansas
2%
8Kentucky
2%
8Louisiana
2%
5Nebraska
2%
4New Hampshire
2%
9South Carolina
2%
3Vermont
2%
3Wyoming
2%
7Connecticut
1%
3Delaware
1%
6Mississippi
1%
3North Dakota
1%
7Oklahoma
1%
3South Dakota
1%
4Rhode Island
0%
5West Virginia
0%

Score Distribution

Percentile by Number Answered

Percent of People with Each Score

Your Score History

You have not taken this quiz since the last reset